| 000 | 00715nam a22001935i 4500 | ||
|---|---|---|---|
| 001 | 166006 | ||
| 003 | ES-MaACL | ||
| 005 | 20230906213239.0 | ||
| 008 | 050915s1907 fr | |||||||| ||fre d | ||
| 040 |
_aCAM _bspa _cCAM |
||
| 100 | 1 |
_aTalmeyr, Maurice. _9133111 |
|
| 245 | 1 | 3 |
_aLa fin d'une société _b: les maisons d'illusion / _cMayrice Talmeyr. |
| 260 |
_aParis : _bSociété d'édition et de publications : _bLibrairie Félix Juven, _c[1907] ( _fImp. Paul Dupont) |
||
| 300 |
_aVIII, 285 p. ; _c19 cm. |
||
| 596 | _aEn la última pag. consta la fecha de 1907. | ||
| 700 | 1 |
_aJuven, Félix. _9128414 |
|
| 752 |
_aFrancia - _dParís |
||
| 852 |
_aES-MaACL _jD-843 _z-- Enc. hol., conservando la enc. original |
||
| 999 |
_c166006 _d166006 |
||